Biggest Cities in Canada - Statistics

General Stats
  • This quiz has been taken 27 times
  • The average score is 11 of 15
Answer Stats
Province Population City % Correct
Quebec 1.9 m Montreal
100%
Ontario 3.3 m Toronto
100%
BC 776 k Vancouver
96%
Alberta 1.6 m Calgary
92%
Alberta 1.2 m Edmonton
92%
Ontario 1.2 m Ottawa
92%
Manitoba 871 k Winnipeg
88%
Quebec 605 k Quebec City
68%
Nova Scotia 521 k Halifax
64%
Ontario 509 k London
56%
Ontario 788 k Mississauga
56%
Ontario 649 k Hamilton
52%
Ontario 833 k Brampton
36%
Quebec 468 k Laval
32%
BC 736 k Surrey
28%
No matching quizzes found
Score Distribution
Percent of People with Each Score
Percentile by Number Answered
Your Score History
You have not taken this quiz